| 000 | 00361nam a2200133Ia 4500 | ||
|---|---|---|---|
| 008 | 240624s9999 xx 000 0 und d | ||
| 041 | _aeng | ||
| 082 | _a658.409 COL | ||
| 100 | _aCOLLINS JAMES C | ||
| 245 | _aBUILT TO LAST SUCCESSFUL HABITS OF VISIO | ||
| 260 |
_c2002 _aNew York _bHarperCollins Publishers |
||
| 300 | _axxiv, : 342 : p. : cm. ; 20 | ||
| 365 | _c | ||
| 999 |
_c3723 _d3723 |
||